Central Library, Doon University
WEBOPAC (ONLINE PUBLIC ACCESS CATALOGUE)

Cambridge introduction to Early Modern Drama 1576-1642 (Record no. 60641)

MARC details
000 -LEADER
fixed length control field 00493nam a22001817a 4500
005 - DATE & TIME
control field 20260417132909.0
008 - FIXED-LENGTH DATA ELEMENTS--GENERAL INFORMATION
fixed length control field 260417b |||||||| |||| 00| 0 eng d
020 ## - ISBN
International Standard Book Number 9781107645479
Price 1495.00
040 ## - CATALOGING SOURCE
Original cataloging agency Doon University
041 ## - Language
Language English
082 ## - DDC NUMBER
Classification number 822.309
Book Number SAN
100 ## - MAIN ENTRY--PERSONAL NAME
Personal name Sanders, Julie
245 ## - TITLE STATEMENT
Title Cambridge introduction to Early Modern Drama 1576-1642
260 ## - PUBLICATION, DISTRIBUTION, ETC. (IMPRINT)
Place of publication, distribution, etc United Kingdom
Name of publisher, distributor, etc Cambridge University Press
Date of publication, distribution, etc 2014
300 ## - PHYSICAL DESCRIPTION
Pages 261
650 ## - Subject
Subject English
942 ## - ADDED ENTRY ELEMENTS (KOHA)
Koha item type Books
100 ## - MAIN ENTRY--PERSONAL NAME
-- 26645
650 ## - Subject
-- 9
952 ## - LOCATION AND ITEM INFORMATION (KOHA)
-- 2026-04-17
952 ## - LOCATION AND ITEM INFORMATION (KOHA)
-- 2026-04-17
952 ## - LOCATION AND ITEM INFORMATION (KOHA)
-- 2026-04-17
Holdings
Withdrawn status Lost status Source of classification or shelving scheme Damaged status Not for loan Location (home branch) Sublocation or collection (holding branch) Shelving location Date acquired Koha issues (times borrowed) Koha full call number Accession No. Koha date last seen Koha item type
          Doon University Doon University Processing Center 17.04.2026   822.309 SAN 53663 17.04.2026 Books
          Doon University Doon University Processing Center 17.04.2026   822.309 SAN 53664 17.04.2026 Books
          Doon University Doon University Processing Center 17.04.2026   822.309 SAN 53665 17.04.2026 Books
Contact : +91-135-2533126 (Library),+91-135-2533105 (Admin Office) , Email : doonlibrary@gmail.com

Powered by Koha